| 000 | 00571nam a2200217Ia 4500 | ||
|---|---|---|---|
| 005 | 20250923145056.0 | ||
| 008 | 008 250917s9999 xx 000 0 eng d | ||
| 037 | _aTextual | ||
| 040 |
_aDSWL _beng _cDSWL |
||
| 041 |
_aeng _2eng |
||
| 084 |
_aYX,ZB-A, N44 _qDSWL |
||
| 100 |
_aMcLean _9831529 |
||
| 245 | 0 |
_aOrganizing a family agency _cby McLean |
|
| 260 |
_aNew York _b F.S.A.A. |
||
| 300 | _a72p. | ||
| 365 |
_aINR _b2.68 |
||
| 700 |
_aOrmsby _9831530 |
||
| 925 | _g2.68 | ||
| 942 |
_cTEXL _hYX,ZB-A, N44 |
||
| 999 |
_c1446792 _d1446792 |
||